| 000 | 00678nam a22002057a 4500 | ||
|---|---|---|---|
| 005 | 20240319145801.0 | ||
| 010 | _aENG-139770 | ||
| 020 |
_a9789354423291 _c110.00 |
||
| 035 | _aEN-123302 | ||
| 037 | _bDBAD/PUB | ||
| 082 |
_a883 _22 |
||
| 100 |
_aKawlra Aarti _963570 |
||
| 245 | _aProse Parasbles/ | ||
| 250 | _a2 | ||
| 260 |
_aHyderabad _bOrient Blackswan Private Ltd _c2017 |
||
| 270 |
_a3-6-752, Himayatnagar _bHyderabad _e500029 _minfo@orintblackswan.com |
||
| 300 |
_a77p. _c22cm(pbk) |
||
| 500 | _aPrescribed for the 1st Year BA Compulsory English Course of Punjabi University, Patiala and Its Affilated Colleges | ||
| 942 |
_2ddc _cEN _h883 _mPRO _e2 |
||
| 999 |
_c201593 _d201593 |
||